Cecilia Vicuña: Veroír el fracaso iluminado
I tiakina i:
| Ētahi atu kaituhi: | |
|---|---|
| Hōputu: | Tē mōhiotia |
| Reo: | Ingarihi |
| I whakaputaina: |
Madrid, España:
CA2M Centro de Arte Dos de Mayo, Turner, Kunstinstituut Melly,
2021
|
| Ngā marau: | |
| Ngā Tūtohu: |
Tāpirihia he Tūtohu
Kāore He Tūtohu, Me noho koe te mea tuatahi ki te tūtohu i tēnei pūkete!
|
MARC
| LEADER | 00000 a2200000 4500 | ||
|---|---|---|---|
| 003 | CL-VaPUC | ||
| 005 | 20220421163812.0 | ||
| 008 | 220328b2021 ||||| |||| 00| 0 eng d | ||
| 999 | |c 434880 |d 434878 | ||
| 020 | |a 978-84-18428-62-3 | ||
| 040 | |c Pontificia Universidad Católica de Valparaíso | ||
| 082 | 7 | |a 759.983 LOP 2021 |2 22 | |
| 100 | |a López, Miguel A. |9 867247 |e editor | ||
| 245 | |a Cecilia Vicuña: |b Veroír el fracaso iluminado | ||
| 260 | |a Madrid, España: |b CA2M Centro de Arte Dos de Mayo, |b Turner, |b Kunstinstituut Melly, |c 2021 | ||
| 300 | |a 387 páginas; ilustraciones | ||
| 583 | |k Sebastián Perez |c 20220328 | ||
| 600 | 0 | |a Cecilia Vicuña |9 858306 |d 1948 |x Artista visual |x Poeta |z Chile | |
| 650 | 0 | |a Pintura |9 858307 |y Siglo 20 |z Chile | |
| 942 | |2 ddc |c BK | ||
| 952 | |0 0 |1 0 |2 ddc |4 0 |6 759_983000000000000_LOP_2021 |7 0 |8 R |9 582190 |a BIBART |b BIBART |c RES |d 2022-03-28 |e 159 |g 40600.00 |i 5650392 |l 18 |m 3 |o 759.983 LOP 2021 |p 5650392 |r 2025-03-13 |s 2024-08-08 |t 1 |v 40600.00 |w 2022-03-28 |y BK_R |k ART | ||